000 00359nam a2200133Ia 4500
008 151001s9999||||xx |||||||||||||| ||und||
100 _aइरेश स्वामी
245 _aविठोबा
250 _a1
260 _bसुविद्या प्रकाशन पुणे
260 _c2004
300 _a100
365 _b21
999 _c987957
_d987954